My Book of riddles
| Main Author: | |
|---|---|
| Format: | Book |
| Published: |
London :
Treasure Press ,
1991
|
| Subjects: |
MARC
| LEADER | 00000cam a2200000 7i4500 | ||
|---|---|---|---|
| 001 | 0000006382 | ||
| 002 | 000006890 | ||
| 005 | 20000330.0 | ||
| 020 | |a 1850513341 | ||
| 090 | 0 | 0 | |a J398.6 |b FIS |
| 100 | 1 | |a Fischer, Vaclav | |
| 245 | 1 | 0 | |a My Book of riddles |c Vaclar Fischer ; Illustrated by Blanka Robejskova |
| 260 | |a London : |b Treasure Press , |c 1991 | ||
| 300 | |a 63p. : |b ill ; |c 28cm. | ||
| 650 | 0 | 0 | |a Riddles |x Juvenile literature |
| 999 | |a 037989 |b BUKU |c JUNIOR BOOKS |e PERPUSTAKAAN KOMUNITI PETALING JAYA | ||